La era de la propaganda: uso y abuso de la persuasión
Salvato in:
| Autori principali: | , |
|---|---|
| Natura: | Libro |
| Lingua: | spagnolo |
| Pubblicazione: |
Barcelona
Paidós
1994
|
| Serie: | Paidós Comunicación, 61
|
| Soggetti: | |
| Tags: |
Aggiungi Tag
Nessun Tag, puoi essere il primo ad aggiungerne!!
|
MARC
| LEADER | 00000nam a2200000 a 4500 | ||
|---|---|---|---|
| 001 | UCZ2064 | ||
| 003 | CL-VaPUC | ||
| 008 | 950925e19940000SP |||||||||||||||||spa|d | ||
| 082 | 0 | 4 | |a 303.375 |b PRA |2 21 |
| 100 | 0 | |a Pratkanis, Anthony |e author |9 345857 | |
| 700 | 0 | |a Aronson, Elliot |e author |9 345858 | |
| 245 | 1 | 3 | |a La era de la propaganda: uso y abuso de la persuasión |
| 300 | |a 366 p | ||
| 942 | |c BK | ||
| 945 | |d 19950925 00:00:00 |a awong | ||
| 260 | |a Barcelona |b Paidós |c 1994 | ||
| 650 | 7 | |a PUBLICIDAD POR TELEVISION |2 CL-VaPUC |9 265867 | |
| 650 | 0 | |a Propaganda |9 322285 | |
| 650 | 7 | |a PUBLICIDAD ASPECTOS PSICOLOGICOS |2 CL-VaPUC |9 322284 | |
| 650 | 7 | |a PERSUASION |2 CL-VaPUC |9 333321 | |
| 650 | 7 | |a IMPACTO DE LA COMUNICACION |2 CL-VaPUC |9 334456 | |
| 650 | 7 | |a COMUNICACION DE MASAS |2 CL-VaPUC |9 334823 | |
| 650 | 7 | |a PSICOLOGIA DE LA COMUNICACION |2 CL-VaPUC |9 332059 | |
| 583 | |a last modification |c 19950925 00:00:00 |k Rodrigo Vera | ||
| 490 | 0 | |a Paidós Comunicación, 61 | |
| 999 | |c 238718 |d 238716 | ||
| 952 | |0 0 |1 0 |2 ddc |4 0 |6 303_375000000000000_PRA_1994 |7 0 |8 A |9 249138 |a BIBCUR |b BIBCUR |c PAC |d 2019-11-18 |i 3132447 |o 303.375 PRA 1994 |p 3132447 |r 2025-04-22 |w 2019-11-18 |y BK |k PER | ||